000 01521nam0a22003011 4500
001 v19\rc\1588168
005 20260405235821.0
035 _a(NLR Aleph) 005237735
090 _a5672027
_c5672027
100 _a20061002e18941894|||y0rusy50 ca
101 0 _arus
102 _aRU
105 _ay d |||||
200 1 _aО музыкальной художественности древних греков
_e(Реф., чит. в Неофилол. о-ве 19 марта 1893 г., в Археол. о-ве 18 мая 1893 г., в С.-Петерб. консерватории 18 марта 1894 г. и 8 апр. 1894 г.)
_fЛ.А. Саккетти
210 _aСанкт-Петербург
_cтип. В.С. Балашева и К°
_d1894
215 _a24 с.
_d24
311 _aИзвлеч. из "Журн. М-ва нар. прос." 1894, авг.
316 _aЭкз. РНБ (38.64.5.37): с автогр. авт.
_5NLR: 38.64.5.37
488 0 _12001#$aЖурнал Министерства народного просвещения$v1894, авг.
_tЖурнал Министерства народного просвещения
700 1 _8rus
_7ca
_aСаккетти
_bЛ. А.
_f1852-1916
_gЛиверий Антонович
_3RU\NLR\AUTH\77109423
_992348
801 0 _aRU
_bNLR
_c20061002
_gpsbo
801 0 _aRU
_bRuMoRGB
_c20061002
_2psbo
801 1 _aRU
_bProSoft-M
_c20061002
_2rusmarc
801 2 _aRU
_bNLR
_c20120413
_2rusmarc
852 _aNLR
_j38.64.5.37
852 _aNLR
_bМф
_jК1/10052
942 _cBOOK
980 _aNB